000 00470nam a2200181 a 4500
001 334
003 CO-ViMGA
008 141112s2004 ck r 000 u spa d
040 _aCO-ViMGA
_bspa
_cCO-ViMGA
082 _aTOLr
100 1 _aTolstoi, Lev Nikolaevich
_94921
245 1 0 _aLa ratoncita - niña y otros cuentos
260 _aBogotá :
_bNorma,
_c1991
300 _a86 p : il
490 _aTorre de papel
650 1 4 _aCUENTOS INFANTILES
_92743
942 _2ddc
_cBK
999 _c10493
_d10493